[Event "Excelsior August op"]
[Site "Toronto CAN"]
[Date "2023.08.13"]
[Round "5.7"]
[White "Zhao, Jifan"]
[Black "Ruchinskaya, Valerie"]
[Result "0-1"]
[WhiteElo "2081"]
[BlackElo "2099"]
[PlyCount "48"]
[EventDate "2023.08.11"]
[EventType "swiss"]
[EventRounds "5"]
[EventCountry "CAN"]

1. e4 e6 2. d4 d5 3. Nc3 Bb4 4. e5 c5 5. Bd2 Ne7 6. Nb5 Bxd2+ 7. Qxd2 O-O 8. c3
Nbc6 9. f4 cxd4 10. cxd4 Nf5 11. Nf3 a6 12. Nc3 Bd7 13. Bd3 Ncxd4 14. Nxd4 Nxd4
15. Bxh7+ Kxh7 16. Qxd4 Rc8 17. O-O g6 18. Rad1 Qe7 19. Rfe1 Rh8 20. Ne4 dxe4
21. Qxd7 Qc5+ 22. Kh1 Kg7 23. Qxb7 Qf2 24. Qxe4 Rxh2+ 0-1

[Event "Excelsior Christmas and New Years op"]
[Site "Toronto CAN"]
[Date "2023.12.27"]
[Round "1.1"]
[White "Singh, Mahip"]
[Black "Zhong, Ryan Yunhui"]
[Result "1-0"]
[WhiteElo "2249"]
[BlackElo "2018"]
[PlyCount "51"]
[EventDate "2023.12.26"]
[EventType "swiss"]
[EventRounds "5"]
[EventCountry "CAN"]

1. c4 e6 2. d4 d5 3. Nc3 Nf6 4. cxd5 exd5 5. Bg5 Nbd7 6. e3 c6 7. Bd3 Bd6 8.
Qc2 O-O 9. Bxh7+ Kh8 10. Bd3 Re8 11. Nge2 b6 12. h4 Bb7 13. O-O-O Rc8 14. h5 c5
15. Bf5 Ba6 16. h6 g6 17. Bxd7 Qxd7 18. Bxf6+ Kh7 19. Kb1 b5 20. Nxd5 Qe6 21.
dxc5 Rxc5 22. Nef4 Qc8 23. Bc3 Be5 24. Bxe5 Re6 25. Nxe6 fxe6 26. Nf6+ 1-0

[Event "Excelsior Christmas and New Years op"]
[Site "Toronto CAN"]
[Date "2023.12.27"]
[Round "1.2"]
[White "Hawkshaw, Kevin"]
[Black "Zomorrodian, Eilia"]
[Result "0-1"]
[WhiteElo "1964"]
[BlackElo "2244"]
[PlyCount "70"]
[EventDate "2023.12.26"]
[EventType "swiss"]
[EventRounds "5"]
[EventCountry "CAN"]

1. c4 Nf6 2. Nf3 g6 3. d4 Bg7 4. g3 O-O 5. Bg2 d6 6. O-O Nc6 7. Nc3 Bf5 8. Re1
Ne4 9. h3 Nxc3 10. bxc3 Be4 11. Bd2 Na5 12. Qa4 c5 13. e3 Bc6 14. Qc2 Nxc4 15.
e4 Qa5 16. Rad1 Ba4 17. Qc1 Rfc8 18. Bh6 Bxd1 19. Rxd1 cxd4 20. Bxg7 Kxg7 21.
cxd4 Ne5 22. Qb2 Nxf3+ 23. Bxf3 Qc3 24. Qe2 e5 25. d5 Qc2 26. Rd2 Qb1+ 27. Kh2
Rc3 28. Bg4 h5 29. Bd7 Rc7 30. Bb5 a6 31. Bd3 Qb4 32. f4 exf4 33. gxf4 Re8 34.
Qf2 Qc5 35. Qg2 Qe3 0-1

[Event "Excelsior Christmas and New Years op"]
[Site "Toronto CAN"]
[Date "2023.12.27"]
[Round "1.3"]
[White "Huh, Isaak"]
[Black "Pelev, Iassen"]
[Result "1-0"]
[WhiteElo "2224"]
[BlackElo "1946"]
[PlyCount "77"]
[EventDate "2023.12.26"]
[EventType "swiss"]
[EventRounds "5"]
[EventCountry "CAN"]

1. e4 c5 2. Nf3 d6 3. d4 cxd4 4. Nxd4 Nf6 5. Nc3 a6 6. f3 e5 7. Nb3 Be7 8. Be3
Be6 9. Qd2 Nbd7 10. O-O-O b5 11. g4 b4 12. Nd5 Bxd5 13. exd5 Nb6 14. Bxb6 Qxb6
15. Kb1 a5 16. h4 a4 17. Nc1 O-O 18. Bd3 Ra5 19. Be4 Rc8 20. Rh2 Rc4 21. Qe1
Rd4 22. Rxd4 Qxd4 23. Rd2 Qc4 24. g5 Nxd5 25. Bxd5 Rxd5 26. Rxd5 Qxd5 27. Qxb4
Qxf3 28. Qxa4 e4 29. Qa8+ Bf8 30. a4 Qg4 31. a5 e3 32. a6 Qa4 33. a7 Qa6 34.
Qb8 e2 35. Nxe2 Qxe2 36. a8=Q Qf1+ 37. Ka2 Qc4+ 38. Qb3 Qxh4 39. Qaf3 1-0

[Event "Excelsior Christmas and New Years op"]
[Site "Toronto CAN"]
[Date "2023.12.27"]
[Round "1.4"]
[White "Tran, Dennis"]
[Black "Ning, Eric"]
[Result "1/2-1/2"]
[WhiteElo "1927"]
[BlackElo "2198"]
[PlyCount "80"]
[EventDate "2023.12.26"]
[EventType "swiss"]
[EventRounds "5"]
[EventCountry "CAN"]

1. e4 c5 2. Nf3 Nc6 3. d4 cxd4 4. Nxd4 g6 5. Nc3 Bg7 6. Be3 Nf6 7. f4 d6 8. Qd2
O-O 9. O-O-O Nxd4 10. Bxd4 Be6 11. Bd3 Qa5 12. a3 Rfc8 13. f5 Bc4 14. Kb1 Bxd3
15. Qxd3 Nd7 16. Nd5 Qd8 17. Bxg7 Kxg7 18. Qd4+ Ne5 19. b3 Rc6 20. h4 h6 21.
fxg6 fxg6 22. Nf4 Qc8 23. Nd3 Qe6 24. Nxe5 dxe5 25. Qd7 b6 26. Rhf1 a5 27. Qxe6
Rxe6 28. Rd5 Rf8 29. Rxf8 Kxf8 30. Kb2 Rf6 31. Rxe5 Rf2 32. h5 Rxg2 33. Re6
gxh5 34. Rxh6 Re2 35. Rxb6 h4 36. Rb5 h3 37. Rh5 h2 38. b4 axb4 39. axb4 Rxe4
40. Rxh2 Rxb4+ 1/2-1/2

[Event "Excelsior Christmas and New Years op"]
[Site "Toronto CAN"]
[Date "2023.12.27"]
[Round "1.5"]
[White "Marchand, Calix"]
[Black "Wang, Andy"]
[Result "1-0"]
[WhiteElo "2174"]
[BlackElo "1926"]
[PlyCount "59"]
[EventDate "2023.12.26"]
[EventType "swiss"]
[EventRounds "5"]
[EventCountry "CAN"]

1. e4 e5 2. Nc3 Nc6 3. g3 Bc5 4. Bg2 Nge7 5. d3 d6 6. Nge2 Be6 7. O-O O-O 8. h3
Qd7 9. Kh2 f5 10. f4 g6 11. Na4 Bb6 12. Nxb6 axb6 13. b3 d5 14. exf5 Nxf5 15.
Qe1 Rae8 16. Qf2 d4 17. Bd2 Bd5 18. Rae1 e4 19. dxe4 Bxe4 20. Bxe4 Rxe4 21. Rg1
Qd6 22. Qf3 Qe7 23. Nc1 Ne3 24. Re2 Ne5 25. Qh1 N5g4+ 26. hxg4 Nxg4+ 27. Kh3
Rxe2 28. Qd5+ Qf7 29. Qxf7+ Rxf7 30. Nxe2 1-0

[Event "Excelsior Christmas and New Years op"]
[Site "Toronto CAN"]
[Date "2023.12.27"]
[Round "1.6"]
[White "Heran-Boily, Samuel"]
[Black "Raninga, Aditya"]
[Result "0-1"]
[WhiteElo "1918"]
[BlackElo "2174"]
[PlyCount "72"]
[EventDate "2023.12.26"]
[EventType "swiss"]
[EventRounds "5"]
[EventCountry "CAN"]

1. e4 c5 2. Nf3 Nc6 3. Bb5 g6 4. c3 Bg7 5. O-O e5 6. d3 Nge7 7. Bg5 O-O 8. Nbd2
Qc7 9. Qb3 d6 10. Rfe1 Be6 11. Bc4 Na5 12. Qc2 Nxc4 13. dxc4 h6 14. Bxe7 Qxe7
15. b3 f5 16. Rad1 f4 17. h3 g5 18. Nh2 h5 19. f3 Rf6 20. Qd3 Bf8 21. Qe2 Rh6
22. Ndf1 Qg7 23. Rd3 Be7 24. Rb1 Kf7 25. Kf2 Rg8 26. Rb2 g4 27. fxg4 Bh4+ 28.
Kg1 hxg4 29. Nxg4 Bxg4 30. Qxg4 Rg6 31. Qf5+ Ke7 32. Rdd2 Rg5 33. Qxg5+ Qxg5
34. Nh2 Qg3 35. Rbc2 Qe3+ 36. Kf1 Qe1# 0-1

[Event "Excelsior Christmas and New Years op"]
[Site "Toronto CAN"]
[Date "2023.12.27"]
[Round "1.7"]
[White "Ruchinskaya, Valerie"]
[Black "Lakhani, Riyaan"]
[Result "1/2-1/2"]
[WhiteElo "2168"]
[BlackElo "1918"]
[PlyCount "103"]
[EventDate "2023.12.26"]
[EventType "swiss"]
[EventRounds "5"]
[EventCountry "CAN"]

1. d4 g6 2. c4 Bg7 3. e4 d6 4. Nc3 Nc6 5. Be3 e5 6. d5 Nce7 7. g4 f5 8. gxf5
gxf5 9. Qh5+ Kf8 10. Bh3 Nf6 11. Qf3 f4 12. Bd2 Ng6 13. Bxc8 Qxc8 14. h4 h5 15.
Qh3 Kf7 16. Nf3 Bh6 17. Ke2 Qxh3 18. Rxh3 Rag8 19. Rah1 Nf8 20. Kd3 a6 21. b4
N8d7 22. Rc1 Rg2 23. Rh2 Rxh2 24. Nxh2 Ng4 25. Nxg4 hxg4 26. Rg1 Nf6 27. b5 Bf8
28. bxa6 bxa6 29. Rh1 Nd7 30. Na4 Be7 31. Ba5 Bd8 32. Rh2 Kg6 33. Rh1 Rh7 34.
c5 Nxc5+ 35. Nxc5 dxc5 36. h5+ Kg5 37. h6 Bf6 38. Bxc7 Rxc7 39. h7 c4+ 40. Kc3
Bh8 41. d6 Rd7 42. Rd1 g3 43. fxg3 fxg3 44. Kxc4 Kf4 45. Kc5 g2 46. Kc6 Rd8 47.
d7 Ke3 48. Kd6 Ke2 49. Rc1 Kf2 50. Ke7 Rxd7+ 51. Kxd7 g1=Q 52. Rxg1 1/2-1/2

[Event "Excelsior Christmas and New Years op"]
[Site "Toronto CAN"]
[Date "2023.12.27"]
[Round "1.8"]
[White "Xie, Irene"]
[Black "Kim, Noah"]
[Result "0-1"]
[WhiteElo "1903"]
[BlackElo "2135"]
[PlyCount "106"]
[EventDate "2023.12.26"]
[EventType "swiss"]
[EventRounds "5"]
[EventCountry "CAN"]

1. e4 c5 2. Nf3 d6 3. Bb5+ Nd7 4. O-O a6 5. Bxd7+ Bxd7 6. c4 Nf6 7. Re1 g6 8.
Nc3 Bg7 9. d4 cxd4 10. Nxd4 Rc8 11. Qb3 Qc7 12. Be3 Qxc4 13. Qxb7 O-O 14. Nd5
Nxd5 15. Qxd5 Qb4 16. Rab1 Rc5 17. Qb3 Rc4 18. Qxb4 Rxb4 19. Red1 Rfb8 20. Rd2
f5 21. exf5 gxf5 22. f3 f4 23. Bf2 e5 24. Nb3 Bf8 25. Be1 Be6 26. Re2 Bxb3 27.
axb3 Rxb3 28. Kf2 Kf7 29. g3 Bh6 30. Rd1 Ke6 31. Bc3 Bg5 32. Ra1 R8b6 33. Ra4
Kf5 34. Ra5 R3b5 35. Ra4 h5 36. Rc4 fxg3+ 37. hxg3 Bf6 38. f4 d5 39. fxe5 dxc4
40. exf6 Kg6 41. Kg2 Rb7 42. Kf3 Rf5+ 43. Kg2 Rg5 44. Kf3 Rd7 45. Re3 Rd3 46.
Rxd3 cxd3 47. Kf2 d2 48. Bxd2 Rf5+ 49. Ke3 Rxf6 50. Bc3 Rf5 51. Ke4 Kg5 52.
Bd2+ Kg4 53. Be1 Rf3 0-1

[Event "Excelsior Christmas and New Years op"]
[Site "Toronto CAN"]
[Date "2023.12.28"]
[Round "2.1"]
[White "Raninga, Aditya"]
[Black "Singh, Mahip"]
[Result "0-1"]
[WhiteElo "2174"]
[BlackElo "2249"]
[PlyCount "106"]
[EventDate "2023.12.26"]
[EventType "swiss"]
[EventRounds "5"]
[EventCountry "CAN"]

1. e4 e5 2. Bc4 Nf6 3. d3 Bc5 4. Nc3 c6 5. Nf3 d6 6. h3 O-O 7. O-O Nbd7 8. Bg5
h6 9. Bh4 Re8 10. Nh2 g5 11. Bg3 a5 12. a4 Nf8 13. Kh1 Ng6 14. f3 Nh5 15. Qe1
Nxg3+ 16. Qxg3 Nf4 17. Ng4 Kg7 18. Qe1 h5 19. Ne3 Qf6 20. Qd2 Rh8 21. Ne2 g4
22. g3 d5 23. gxf4 Qh4 24. Ng1 exf4 25. Ng2 Qg3 26. Qxf4 Qxf4 27. Nxf4 dxc4 28.
dxc4 Bd6 29. fxg4 hxg4 30. Rad1 Be5 31. b3 gxh3 32. Rd3 Rh4 33. Nfxh3 Be6 34.
Kg2 Rah8 35. Rff3 Rxe4 36. Nf2 Re1 37. Ngh3 Rh5 38. Rde3 Rxe3 39. Rxe3 Bd4 40.
Rg3+ Kf6 41. Nf4 Rf5 42. Ng4+ Ke7 43. Nxe6 fxe6 44. Rf3 Rg5 45. Kh3 e5 46. Kh4
Rg7 47. c3 e4 48. Rf4 Bxc3 49. Rxe4+ Kd6 50. Re3 Bd4 51. Rd3 Kc5 52. Nh6 Bf6+
53. Kh3 Rh7 0-1

[Event "Excelsior Christmas and New Years op"]
[Site "Toronto CAN"]
[Date "2023.12.28"]
[Round "2.2"]
[White "Zomorrodian, Eilia"]
[Black "Malakar, Saarthak"]
[Result "1-0"]
[WhiteElo "2244"]
[BlackElo "2130"]
[PlyCount "87"]
[EventDate "2023.12.26"]
[EventType "swiss"]
[EventRounds "5"]
[EventCountry "CAN"]

1. g3 d5 2. Nf3 Bf5 3. d3 e6 4. Bg2 Nf6 5. O-O Be7 6. Nbd2 Nbd7 7. c4 c6 8. b3
O-O 9. Re1 Bg6 10. Bb2 Qc7 11. Rc1 h6 12. Qc2 Rfe8 13. Qb1 a5 14. a3 Bh7 15.
Qa1 Qb6 16. Bd4 Bc5 17. Bxc5 Nxc5 18. Qc3 Ncd7 19. Rb1 c5 20. b4 cxb4 21. axb4
a4 22. c5 Qc7 23. Nd4 e5 24. Nb5 Qc6 25. Nd6 Re6 26. Rec1 b5 27. Qa1 Rb8 28.
Qa2 g5 29. Nf1 e4 30. Ne3 Rxd6 31. cxd6 Qxd6 32. dxe4 Bxe4 33. Bxe4 dxe4 34.
Rd1 Qe5 35. Rbc1 Rb6 36. Rc8+ Kg7 37. Qc2 Rb8 38. Rc7 Qe6 39. Qc3 Kg6 40. Rdxd7
a3 41. Rxf7 a2 42. Rxf6+ Qxf6 43. Qxf6+ Kxf6 44. Ra7 1-0

[Event "Excelsior Christmas and New Years op"]
[Site "Toronto CAN"]
[Date "2023.12.28"]
[Round "2.3"]
[White "Kim, Noah"]
[Black "Huh, Isaak"]
[Result "0-1"]
[WhiteElo "2135"]
[BlackElo "2224"]
[PlyCount "80"]
[EventDate "2023.12.26"]
[EventType "swiss"]
[EventRounds "5"]
[EventCountry "CAN"]

1. d4 Nf6 2. Nc3 d5 3. Bf4 a6 4. e3 Bf5 5. f3 e6 6. g4 Bg6 7. h4 h5 8. g5 Nfd7
9. e4 c6 10. Qd2 b5 11. Bd3 Nb6 12. Nge2 b4 13. Nd1 c5 14. c3 Nc6 15. O-O bxc3
16. bxc3 dxe4 17. Bxe4 Bxe4 18. fxe4 g6 19. Nb2 cxd4 20. cxd4 Bg7 21. Rfd1 O-O
22. Rac1 Qd7 23. Qe3 e5 24. dxe5 Qg4+ 25. Kf1 Nxe5 26. Qg3 Qxg3 27. Bxg3 Ng4
28. Rd2 Rfd8 29. Nd3 Ne3+ 30. Kf2 Nbc4 31. Nef4 Ng4+ 32. Ke2 Nxd2 33. Kxd2 Rd4
34. Ke2 Rxe4+ 35. Kf3 Re3+ 36. Kg2 Rd8 37. Rd1 Ne5 38. Kf2 Rf3+ 39. Kg2 Rfxd3
40. Nxd3 Rxd3 0-1

[Event "Excelsior Christmas and New Years op"]
[Site "Toronto CAN"]
[Date "2023.12.28"]
[Round "2.4"]
[White "Gao, Heye"]
[Black "Marchand, Calix"]
[Result "0-1"]
[WhiteElo "1886"]
[BlackElo "2174"]
[PlyCount "124"]
[EventDate "2023.12.26"]
[EventType "swiss"]
[EventRounds "5"]
[EventCountry "CAN"]

1. e4 c5 2. Nf3 e6 3. d4 cxd4 4. Nxd4 Nf6 5. Nc3 Nc6 6. Ndb5 Bb4 7. a3 Bxc3+ 8.
Nxc3 d5 9. exd5 exd5 10. Bd3 O-O 11. O-O d4 12. Ne4 Bf5 13. Bg5 Bxe4 14. Bxe4
h6 15. Bxf6 Qxf6 16. Qd2 Rfd8 17. Rad1 Rac8 18. f4 b6 19. Bxc6 Qxc6 20. Rf2 a5
21. Qd3 Qc5 22. Rfd2 Rc6 23. Re1 Rcd6 24. Re5 Qc7 25. Rde2 Qc6 26. Qb5 d3 27.
Re8+ Kh7 28. Qxc6 Rxc6 29. cxd3 Rxd3 30. g3 Rcd6 31. Kf2 Kg6 32. R8e3 Kf5 33.
Re5+ Kf6 34. R5e3 R3d5 35. a4 Rd4 36. b3 Rb4 37. Ke1 Kf5 38. Rd2 Rxd2 39. Kxd2
Kg4 40. Kc3 g5 41. fxg5 hxg5 42. Re5 f5 43. Re3 Kh3 44. Kd2 Kxh2 45. Rd3 Rg4
46. Rf3 Rxg3 47. Rxf5 g4 48. Rb5 Rf3 49. Ke2 Kg2 50. Rxb6 g3 51. Rb5 Rc3 52.
Kd2 Rf3 53. Ke2 Rf2+ 54. Ke1 Rb2 55. Rxa5 Rxb3 56. Ra8 Re3+ 57. Kd2 Kf2 58. a5
g2 59. Rf8+ Rf3 60. Rg8 g1=Q 61. Rxg1 Kxg1 62. Kc2 Ra3 0-1

[Event "Excelsior Christmas and New Years op"]
[Site "Toronto CAN"]
[Date "2023.12.28"]
[Round "2.5"]
[White "Ning, Eric"]
[Black "Maulucci, Anthony"]
[Result "1-0"]
[WhiteElo "2198"]
[BlackElo "2072"]
[PlyCount "99"]
[EventDate "2023.12.26"]
[EventType "swiss"]
[EventRounds "5"]
[EventCountry "CAN"]

1. d4 d5 2. c4 e6 3. Nc3 Nf6 4. cxd5 exd5 5. Bg5 Be7 6. e3 c6 7. Bd3 Nbd7 8.
Qc2 O-O 9. Nge2 Re8 10. O-O Nf8 11. f3 g6 12. Rad1 Ne6 13. Bh4 b5 14. Kh1 Bb7
15. Bf2 Rc8 16. e4 b4 17. Na4 Qa5 18. e5 Nd7 19. f4 c5 20. Nxc5 Nexc5 21. dxc5
Bxc5 22. Qb1 Bxf2 23. Rxf2 Nc5 24. Ng3 Qb6 25. Rfd2 Rc7 26. Re1 Rec8 27. f5 b3
28. axb3 Nxb3 29. Rdd1 Ba6 30. e6 fxe6 31. fxe6 Bxd3 32. Qxd3 d4 33. Ne2 Qxe6
34. Nxd4 Nc5 35. Nxe6 Nxd3 36. Rxd3 Re7 37. h3 h6 38. Rd2 Rce8 39. Rde2 a6 40.
Kg1 Kf7 41. Nd8+ Kf6 42. Rxe7 Rxe7 43. Rxe7 Kxe7 44. Nb7 Ke6 45. Nc5+ Kd5 46.
Nxa6 Kc4 47. Kf2 Kb3 48. Nc5+ Kxb2 49. Nd7 Kc3 50. Ke3 1-0

[Event "Excelsior Christmas and New Years op"]
[Site "Toronto CAN"]
[Date "2023.12.28"]
[Round "2.7"]
[White "Lakhani, Riyaan"]
[Black "Tran, Dennis"]
[Result "1-0"]
[WhiteElo "1918"]
[BlackElo "1927"]
[PlyCount "79"]
[EventDate "2023.12.26"]
[EventType "swiss"]
[EventRounds "5"]
[EventCountry "CAN"]

1. d4 d5 2. c4 c6 3. Nf3 Nf6 4. e3 e6 5. Nc3 Bd6 6. Qc2 Nbd7 7. Bd3 O-O 8. O-O
dxc4 9. Bxc4 e5 10. Rd1 Qc7 11. h3 h6 12. b3 b5 13. Be2 Bb7 14. Bb2 a6 15. dxe5
Nxe5 16. Nxe5 Bxe5 17. Bf3 Rad8 18. b4 Nd7 19. Ne4 c5 20. Bxe5 Qxe5 21. Nxc5
Bxf3 22. gxf3 Nxc5 23. Qxc5 Qxc5 24. bxc5 Rxd1+ 25. Rxd1 Rc8 26. Rc1 Kf8 27.
Kf1 Ke7 28. Ke2 Rd8 29. e4 Kd7 30. Rd1+ Kc7 31. Rxd8 Kxd8 32. Kd3 Kc7 33. f4
Kc6 34. Kd4 a5 35. a3 a4 36. f5 h5 37. h4 g5 38. fxg6 fxg6 39. f4 Kd7 40. Kc3
1-0

[Event "Excelsior Christmas and New Years op"]
[Site "Toronto CAN"]
[Date "2023.12.28"]
[Round "2.8"]
[White "Zhong, Ryan Yunhui"]
[Black "Wang, Bingfei"]
[Result "0-1"]
[WhiteElo "2018"]
[BlackElo "1864"]
[PlyCount "166"]
[EventDate "2023.12.26"]
[EventType "swiss"]
[EventRounds "5"]
[EventCountry "CAN"]

1. e4 e6 2. d4 d5 3. Nd2 dxe4 4. Nxe4 Nd7 5. Nf3 Ngf6 6. Nxf6+ Nxf6 7. Bd3 Be7
8. Qe2 O-O 9. O-O b6 10. Bg5 Bb7 11. Rad1 h6 12. Bh4 Qd5 13. Bxf6 Bxf6 14. c4
Qa5 15. a3 Rad8 16. Bb1 Bxf3 17. Qxf3 Rxd4 18. Rxd4 Bxd4 19. Qe4 Rd8 20. Rd1 g6
21. Rd3 Qg5 22. Qe1 Bxb2 23. a4 Rxd3 24. Bxd3 Qc1 25. Kf1 Kf8 26. Qxc1 Bxc1 27.
Ke2 Ke7 28. Be4 Kd6 29. Kd3 Kc5 30. Bb7 f5 31. f3 Kd6 32. h3 Ke5 33. Bc8 Kf4
34. Bxe6 Kg3 35. Bf7 Kxg2 36. Bxg6 f4 37. Bf5 Kxf3 38. Bg4+ Kg3 39. Ke4 Ba3 40.
Be2 Bd6 41. Bg4 Kg2 42. Bf3+ Kxh3 43. Kd3 Kh4 44. Bc6 Kg3 45. Ke2 h5 46. Bf3 h4
47. Bc6 h3 48. Bb7 Kh2 49. Kf1 Bc5 50. Bc6 Kg3 51. Ke2 Kh4 52. Kd3 Kg5 53. Bf3
Kf5 54. Be4+ Ke5 55. Bf3 Be7 56. Kc3 Bh4 57. Kd3 Bf2 58. Bh1 Kd6 59. Ke4 Kc5
60. Kxf4 Kxc4 61. Kg4 h2 62. Kf3 Bc5 63. Ke2 Bd6 64. Kd2 c5 65. Kc2 a6 66. Bg2
Kd4 67. Kd2 b5 68. axb5 axb5 69. Bc6 c4 70. Bg2 c3+ 71. Kc2 b4 72. Bb7 Kc4 73.
Ba6+ Kd4 74. Bb7 Ke3 75. Ba8 Kf2 76. Kb1 Kg1 77. Ka1 h1=Q 78. Bxh1 Kxh1 79. Ka2
Kg2 80. Kb3 Kf3 81. Kc2 Ke2 82. Kc1 Kd3 83. Kb1 b3 0-1

[Event "Excelsior Christmas and New Years op"]
[Site "Toronto CAN"]
[Date "2023.12.29"]
[Round "3.1"]
[White "Singh, Mahip"]
[Black "Zomorrodian, Eilia"]
[Result "1-0"]
[WhiteElo "2249"]
[BlackElo "2244"]
[PlyCount "93"]
[EventDate "2023.12.26"]
[EventType "swiss"]
[EventRounds "5"]
[EventCountry "CAN"]

1. e4 g6 2. d4 Bg7 3. Nf3 c5 4. dxc5 Qa5+ 5. c3 Qxc5 6. Na3 Bxc3+ 7. bxc3 Qxc3+
8. Qd2 Qxa1 9. Nb5 Nf6 10. Bd3 Nc6 11. O-O d5 12. Ba3 Qxf1+ 13. Bxf1 Nxe4 14.
Qxd5 Nf6 15. Nc7+ Kf8 16. Qg5 Kg7 17. Nxa8 h6 18. Qc1 Bg4 19. Nc7 Rc8 20. Nb5
a6 21. Nc3 b5 22. Qf4 Bxf3 23. Qxf3 b4 24. Bxb4 Nxb4 25. Qb7 Rxc3 26. Qxb4 Rc2
27. a4 e6 28. Bxa6 Nd5 29. Qd4+ Kg8 30. h4 Nc3 31. Kh2 Nxa4 32. Qxa4 Rxf2 33.
Qd4 Rf5 34. Bd3 Rd5 35. Qe3 Kg7 36. Bc4 Rh5 37. g3 Rf5 38. Qd4+ Kg8 39. g4 Rf3
40. Kg2 Ra3 41. Qd8+ Kg7 42. Bxe6 Ra4 43. Qc7 Kf6 44. Qxf7+ Ke5 45. Qe8 Ra3 46.
Qe7 Ra7 47. Qxa7 1-0

[Event "Excelsior Christmas and New Years op"]
[Site "Toronto CAN"]
[Date "2023.12.29"]
[Round "3.2"]
[White "Marchand, Calix"]
[Black "Ruchinskaya, Valerie"]
[Result "1-0"]
[WhiteElo "2174"]
[BlackElo "2168"]
[PlyCount "89"]
[EventDate "2023.12.26"]
[EventType "swiss"]
[EventRounds "5"]
[EventCountry "CAN"]

1. e4 e6 2. d4 d5 3. Nc3 Bb4 4. e5 c5 5. a3 Bxc3+ 6. bxc3 Qa5 7. Bd2 Qa4 8. h4
b6 9. h5 h6 10. Nf3 Ba6 11. Rh4 Bxf1 12. Kxf1 c4 13. Rg4 Rh7 14. Nh4 Nc6 15.
Rf4 Nge7 16. Qc1 Rh8 17. Qb2 Rf8 18. Re1 Kd7 19. Ke2 Rae8 20. Rh1 f6 21. exf6
gxf6 22. Kd1 f5 23. Rh3 Nd8 24. Rg3 Rg8 25. Rff3 Nf7 26. Ng6 Nc8 27. Ne5+ Nxe5
28. dxe5 Ne7 29. Bxh6 Rh8 30. Qc1 Ng8 31. Rg6 Nxh6 32. Rxh6 Rxh6 33. Qxh6 Qxa3
34. Rg3 Qa1+ 35. Kd2 Qf1 36. Qe3 Rh8 37. Rg7+ Kc6 38. h6 a5 39. Re7 Qxg2 40.
Rxe6+ Kd7 41. Rd6+ Ke7 42. Rxb6 Rd8 43. Qc5+ Kf7 44. Qc7+ Ke8 45. Re6+ 1-0

[Event "Excelsior Christmas and New Years op"]
[Site "Toronto CAN"]
[Date "2023.12.29"]
[Round "3.3"]
[White "Wang, Bingfei"]
[Black "Ning, Eric"]
[Result "0-1"]
[WhiteElo "1864"]
[BlackElo "2198"]
[PlyCount "112"]
[EventDate "2023.12.26"]
[EventType "swiss"]
[EventRounds "5"]
[EventCountry "CAN"]

1. e4 c5 2. c4 Nc6 3. Nc3 g6 4. Nge2 Bg7 5. d3 d6 6. g3 f5 7. Bg2 Nf6 8. O-O
O-O 9. a3 Nd4 10. Nd5 fxe4 11. Nxd4 Nxd5 12. dxe4 Nb6 13. Nc2 Be6 14. Ne3 Nxc4
15. Qb3 b5 16. Qxb5 Rb8 17. Qa4 Nxe3 18. Bxe3 Bxb2 19. Rab1 Ba2 20. Rbe1 Qb6
21. f4 Qb5 22. Qxb5 Rxb5 23. Rf2 Bc4 24. a4 Rb4 25. e5 Rd8 26. Rd1 Bd4 27. Bxd4
dxe5 28. fxe5 Rxd4 29. Rxd4 cxd4 30. Bc6 Rb1+ 31. Kg2 Rb6 32. Bd7 Bd5+ 33. Kf1
Rb1+ 34. Ke2 Rb2+ 35. Ke1 Rxf2 36. Kxf2 Kf7 37. Ke2 Be4 38. a5 h6 39. Kd2 g5
40. Kc1 h5 41. Kb2 Kg6 42. Be6 Bf5 43. Bd5 h4 44. Kb3 Bd3 45. Be6 Bf5 46. Bd5
hxg3 47. hxg3 Kh5 48. Bf3+ Bg4 49. Be4 Be2 50. Bf5 Bg4 51. Be4 Be6+ 52. Kc2 Kg4
53. Kd3 Bf5 54. Bxf5+ Kxf5 55. Kxd4 Kg4 56. e6 Kxg3 0-1

[Event "Excelsior Christmas and New Years op"]
[Site "Toronto CAN"]
[Date "2023.12.29"]
[Round "3.4"]
[White "Raninga, Aditya"]
[Black "Lakhani, Riyaan"]
[Result "1/2-1/2"]
[WhiteElo "2174"]
[BlackElo "1918"]
[PlyCount "108"]
[EventDate "2023.12.26"]
[EventType "swiss"]
[EventRounds "5"]
[EventCountry "CAN"]

1. e4 g6 2. c4 Bg7 3. Nc3 Nc6 4. g3 d6 5. Bg2 Nf6 6. Nge2 O-O 7. O-O a6 8. Rb1
Rb8 9. d4 Bd7 10. b4 b5 11. cxb5 axb5 12. Qd3 Na7 13. Rd1 Nc8 14. h3 c6 15. g4
Nb6 16. e5 Ne8 17. exd6 Nxd6 18. d5 cxd5 19. Nxd5 Nbc4 20. Nec3 Re8 21. Ne4
Nxe4 22. Bxe4 Qc8 23. Ne3 Be6 24. Nxc4 Bxc4 25. Qc2 Qe6 26. Bf4 Rbc8 27. Bb7
Bxa2 28. Bxc8 Rxc8 29. Qd3 Bxb1 30. Rxb1 Qc4 31. Rc1 Qe6 32. Rxc8+ Qxc8 33.
Qxb5 Bd4 34. Qd3 Qd7 35. Qe4 Qa7 36. Be3 Bxe3 37. Qxe3 Qb7 38. Qd4 f6 39. Qc5
Kf7 40. b5 Ke8 41. b6 Kd7 42. Qb5+ Kd6 43. h4 e5 44. h5 f5 45. hxg6 hxg6 46.
gxf5 gxf5 47. Qd3+ Ke6 48. Qd8 Qg7+ 49. Kf1 Qb7 50. Ke1 Qe4+ 51. Kd2 Qb4+ 52.
Kc2 Qc4+ 53. Kd2 Qb4+ 54. Kd3 Qb3+ 1/2-1/2

[Event "Excelsior Christmas and New Years op"]
[Site "Toronto CAN"]
[Date "2023.12.29"]
[Round "3.5"]
[White "Zhong, April"]
[Black "Kim, Noah"]
[Result "0-1"]
[WhiteElo "1876"]
[BlackElo "2135"]
[PlyCount "124"]
[EventDate "2023.12.26"]
[EventType "swiss"]
[EventRounds "5"]
[EventCountry "CAN"]

1. e4 c5 2. Nf3 d6 3. Bb5+ Nd7 4. c3 Ngf6 5. Qe2 a6 6. Ba4 b5 7. Bc2 Bb7 8. O-O
g6 9. d4 Bg7 10. Re1 O-O 11. Nbd2 Qc7 12. Bd3 cxd4 13. cxd4 e5 14. dxe5 dxe5
15. Nb3 Nh5 16. Bd2 Nf4 17. Qf1 Qd6 18. Bc2 Rac8 19. Rac1 Nb6 20. Red1 Qe7 21.
a3 Rfd8 22. Bb4 Rxd1 23. Qxd1 Qf6 24. Kh1 Rd8 25. Qf1 g5 26. Nc5 Bc8 27. Nd3
Ng6 28. Bc3 Nc4 29. Nb4 Bb7 30. Nd2 Nxd2 31. Qe2 Nf4 32. Qe3 Nc4 33. Qe1 h5 34.
Rd1 g4 35. Bd3 h4 36. Be2 Nxe2 37. Rxd8+ Qxd8 38. Qxe2 Qg5 39. Nd3 h3 40. f3 f5
41. Nc5 Ba8 42. Nd3 hxg2+ 43. Qxg2 Qe3 44. Ne1 Qf4 45. Nd3 Qxf3 46. Qxf3 gxf3
47. Kg1 fxe4 48. Nc5 a5 49. b3 Nxa3 50. Bxa5 Nc2 51. Bc3 e3 52. h4 b4 53. Bb2
f2+ 54. Kf1 Bg2+ 55. Kxg2 e2 56. Kxf2 e1=Q+ 57. Kf3 e4+ 58. Nxe4 Qe3+ 59. Kg4
Qxe4+ 60. Kg5 Ne3 61. Bxg7 Qf5+ 62. Kh6 Ng4# 0-1

[Event "Excelsior Christmas and New Years op"]
[Site "Toronto CAN"]
[Date "2023.12.29"]
[Round "3.6"]
[White "Malakar, Saarthak"]
[Black "Pelev, Iassen"]
[Result "1-0"]
[WhiteElo "2130"]
[BlackElo "1946"]
[PlyCount "97"]
[EventDate "2023.12.26"]
[EventType "swiss"]
[EventRounds "5"]
[EventCountry "CAN"]

1. d4 Nf6 2. Nf3 g6 3. g3 Bg7 4. Bg2 O-O 5. O-O d6 6. c4 c5 7. d5 Re8 8. Nc3 e6
9. Nd2 exd5 10. cxd5 a6 11. a4 Qc7 12. h3 Nbd7 13. Qb3 Rb8 14. Nc4 b6 15. Bf4
Ne5 16. Bxe5 dxe5 17. e4 Bf8 18. Qd1 b5 19. axb5 axb5 20. Ne3 Bd6 21. Qf3 Kg7
22. Rfc1 Bd7 23. Bf1 Qb7 24. b3 Ra8 25. Kh2 Ra6 26. Rab1 Rea8 27. Bd3 Ne8 28.
h4 h5 29. Qe2 Ra5 30. Kg2 Qb8 31. Nc2 b4 32. Nd1 Be7 33. Nde3 Nd6 34. Nc4 Nxc4
35. Bxc4 Ra2 36. Ra1 Bg4 37. Qe1 Bc8 38. Ne3 Qa7 39. Rab1 Qd7 40. Ra1 Qa7 41.
Rxa2 Qxa2 42. Qd1 Bd6 43. Bb5 Kf8 44. Nc4 Ke7 45. Bc6 Bg4 46. Qe1 Ra6 47. Nxd6
Kxd6 48. Qe3 Qe2 49. Qxc5+ 1-0